|
|
|
|
| LEADER |
01433njm a2200361 a 4500 |
| 001 |
000934879 |
| 003 |
CZ BrMZK |
| 005 |
20091222094747.0 |
| 007 |
sd fsngnnmmned |
| 008 |
090327s2009 xr ||n gs cze d |
| 040 |
|
|
|a BOA001
|b cze
|
| 072 |
|
7 |
|a 821.111-3
|x Anglická próza, anglicky psaná
|2 Konspekt
|9 25
|
| 080 |
|
|
|a 821.111-32
|2 MRF
|
| 080 |
|
|
|a (0:82-322.4)
|2 MRF
|
| 080 |
|
|
|a (086.76)
|2 MRF
|
| 100 |
1 |
|
|a Christie, Agatha,
|d 1890-1976
|7 jn19981000482
|4 aut
|
| 245 |
0 |
0 |
|a Královský rubín
|h [zvukový záznam] /
|c Agatha Christie
|
| 260 |
|
|
|a Praha
|b Radioservis,
|c 2009
|
| 300 |
|
|
|a 1 zvuková deska (75:13) :
|b digital, stereo ;
|c 12 cm
|
| 505 |
0 |
0 |
|t Pozvání na Vánoce do Kings Lacey --
|t Malá lest a vánoční puding --
|t Zmizelá mrtvola
|
| 508 |
|
|
|a Režie Petr Adler
|
| 511 |
1 |
|
|a Účinkují Jan Přeučil, Marek Eben a Marie Marešová
|
| 655 |
|
7 |
|a anglické povídky
|7 fd131811
|2 czenas
|
| 655 |
|
7 |
|a detektivní povídky
|7 fd132008
|2 czenas
|
| 655 |
|
7 |
|a kompaktní desky
|7 fd201991
|2 czenas
|
| 700 |
1 |
|
|a Adler, Petr,
|d 1944-
|7 jo20000080531
|4 drt
|
| 700 |
1 |
|
|a Přeučil, Jan,
|d 1937-
|7 jn19990209695
|4 act
|
| 700 |
1 |
|
|a Eben, Marek,
|d 1957-
|7 jn19981000940
|4 act
|
| 700 |
1 |
|
|a Marešová, Marie,
|d 1922-2003
|7 mzk2003208509
|4 act
|
| 910 |
2 |
|
|a BOA001
|b CDA-1221.420
|
| 990 |
|
|
|a AV
|
| 991 |
|
|
|b 200905
|
| 996 |
6 |
|
|b 2610374201
|c CDA-1221.420
|l MZK
|r Sklad / do 24 hodin
|n 4
|p p.v.
|w 000934879
|u 000010
|a 1
|e BOA001
|j MZK50
|s P
|